Nurse Anesthesia (Record no. 3105)
[ view plain ]
| 000 -LEADER | |
|---|---|
| fixed length control field | 01273cam a22002054a 4500 |
| 005 - ΗΜΕΡΟΜΗΝΙΑ ΚΑΙ ΩΡΑ ΤΕΛΕΥΤΑΙΑΣ ΕΝΗΜΕΡΩΣΗΣ | |
| Πεδίο ελέγχου | 20250605164105.0 |
| 008 - FIXED-LENGTH DATA ELEMENTS--GENERAL INFORMATION | |
| Πεδίο ελέγχου σταθερού μήκους | 250528s ||||||||||||||||||||||||d |
| 035 ## - SYSTEM CONTROL NUMBER | |
| System control number | 17703 |
| 020 ## - ISBN | |
| ISBN | 9780721603636 |
| 040 ## - ΠΗΓΗ ΚΑΤΑΛΟΓΟΓΡΑΦΗΣΗΣ | |
| Φορέας πρωτότυπης καταλογογράφησης | MC Athens Campus Library |
| Γλώσσα καταλογογράφησης | Ελληνικά, Μοντέρνα (1453-) |
| Modifying agency | MC Athens Campus Library |
| Κανόνες περιγραφικής καταλογογράφησης | AACR2 |
| 245 1# - ΤΙΤΛΟΣ ΚΑΙ ΔΗΛΩΣΗ ΥΠΕΥΘΥΝΟΤΗΤΑΣ | |
| Τίτλος | Nurse Anesthesia |
| 250 ## - EDITION STATEMENT | |
| Edition statement | 3rd |
| 260 ## - PUBLICATION, DISTRIBUTION, ETC. | |
| Name of publisher, distributor, etc. | Elsevier Saunders, |
| Date of publication, distribution, etc. | 2005 |
| 300 ## - PHYSICAL DESCRIPTION | |
| Extent | 1262 |
| 520 ## - SUMMARY, ETC. | |
| Summary, etc. | Introduction and Overview, Nurse Anesthesia: A History of Challenge, Specialty Practice of Nurse Anesthesia, Nurse Anesthesia Research: Sciense of an Orderly and Purposeful and Systematic Nature, Scientific Foundations, Pharmacokinetics, Inhalation Anesthetics, Local Anesthetics, Cardiac Pharmacology, Chemistry and Physics, Technology Related to Anesthesia Practice, Anesthesia Equipment, Preoperative Preparation, Clinical Monitoring in Anesthesia, Preoperative Evaluation and Preparations of the Patient, Intraoperative Management, Positioning for Anesthesia and Surgery, Cardiac Anesthesia, Vascular Surgery, The Endocrine System, Trauma Anesthesia, Anesthesia and Lase Surgery, Regional Anesthesia, Pediatric Anesthesia, Pain Management, Anesthesia for Therapeutic and Diagnostic Procedures. |
| 700 1# - ΠΡΟΣΘΕΤΗ ΑΝΑΓΡΑΦΗ--ΦΥΣΙΚΟ ΠΡΟΣΩΠΟ | |
| Personal name | Nagelhout John J |
| 9 (RLIN) | 3885 |
| 942 ## - ADDED ENTRY ELEMENTS (KOHA) | |
| Koha item type | Books |
| Τύπος τεκμηρίου | Βιβλιοθήκη | Τρέχουσα τοποθεσία | Barcode | Αριθμός εισαγωγής | Ημερομηνία απόκτησης | Ταξιθετικό σύμβολο | Αριθμός αντιτύπου | Κατάσταση απόσυρσης | Κατάσταση χαμένου | Κατάσταση κατεστραμμένου | Μη δανεισμός | Σύνολο δανεισμών | Ημερομηνία τελευταίας εμφάνισης | Η τιμή ισχύει από |
|---|---|---|---|---|---|---|---|---|---|---|---|---|---|---|
| Books | MC Athens Campus Library | MC Athens Campus Library | 9780000031044 | 6070 | 05/06/2025 | REF 362.173 NAG | 1 | 05/06/2025 | 05/06/2025 |